[Event "Int. Stuttgarter Stadtmeisterschaft A"]
[Site "Ditzingen"]
[Date "2012.05.17"]
[Round "2.8"]
[White "Gheng, Josef"]
[Black "Brem, Stephan"]
[Result "1/2-1/2"]
[WhiteElo "2334"]
[BlackElo "2115"]
[PlyCount "128"]
[EventDate "2012.??.??"]
[WhiteTeam "SC Erdmannhausen"]
[BlackTeam "SU Ebersberg-Grafing"]

1. e4 d6 2. d4 Nf6 3. Nc3 g6 4. f3 c6 5. a4 a5 6. Be3 Na6 7. Qd2 e5 8. dxe5
dxe5 9. Qxd8+ Kxd8 10. Bb6+ Ke8 11. Bxa6 Rxa6 12. Bc7 Nd7 13. Nh3 Ra7 14. O-O-O
Bb4 15. Na2 Bc5 16. Bd6 Bxd6 17. Rxd6 Ke7 18. Rhd1 Nc5 19. Nc3 Bxh3 20. gxh3
Raa8 21. h4 f6 22. b3 Rhg8 23. Ne2 Rad8 24. Rxd8 Rxd8 25. Rg1 Kf7 26. Rg3 Ne6
27. Rg1 Nd4 28. Nxd4 Rxd4 29. Rg3 f5 30. c3 Rd7 31. Kc2 Kf6 32. Rg1 h6 33. h3
g5 34. exf5 Kxf5 35. Rg4 gxh4 36. Rxh4 Rd6 37. b4 b6 38. bxa5 bxa5 39. Rc4 h5
40. h4 Rg6 41. Kd3 Rg3 42. Ke3 Rh3 43. Kf2 Rh2+ 44. Kg3 Ra2 45. Rxc6 Rxa4 46.
Rh6 Rc4 47. Rxh5+ Kf6 48. Rh6+ Kf7 49. Ra6 Rxc3 50. Kg4 Rc4+ 51. Kg5 a4 52.
Ra7+ Kg8 53. Kg6 Rf4 54. h5 Rxf3 55. Ra8+ Rf8 56. Rxa4 Kh8 57. Re4 Rg8+ 58. Kf6
Rf8+ 59. Kg6 Rg8+ 60. Kf7 Rg5 61. Ra4 Kh7 62. Kf6 Rxh5 63. Ra7+ Kh6 64. Ra8 Kh7
1/2-1/2

[Event "Int. Stuttgarter Stadtmeisterschaft A"]
[Site "Ditzingen"]
[Date "2012.05.17"]
[Round "2.9"]
[White "Andraschko, Felix"]
[Black "Neyman, Igor"]
[Result "0-1"]
[WhiteElo "2069"]
[BlackElo "2314"]
[PlyCount "116"]
[EventDate "2012.??.??"]
[WhiteTeam "SK Landau"]
[BlackTeam "Stuttgarter SF 1879"]

1. e4 d6 2. c4 Nf6 3. Nc3 c5 4. Nge2 e5 5. d3 Nc6 6. f4 Bg4 7. h3 Bxe2 8. Bxe2
Be7 9. O-O h6 10. a3 Nd4 11. Qa4+ Qd7 12. Bd1 O-O 13. Qxd7 Nxd7 14. g3 a6 15.
Nd5 Bd8 16. Be3 b5 17. Bg4 Nf6 18. Nxf6+ Bxf6 19. Bxd4 exd4 20. b3 Rab8 21.
Rfb1 Rb6 22. Bd1 bxc4 23. bxc4 Rfb8 24. Rxb6 Rxb6 25. Kf2 Rb2+ 26. Be2 Bd8 27.
a4 Ba5 28. Kf3 Kf8 29. h4 Ke7 30. g4 Bc3 31. Ra3 Be1 32. h5 Bd2 33. Bd1 Be1 34.
Be2 Kf6 35. a5 Rb1 36. Ra2 Bc3 37. Ra4 g5 38. f5 Ke5 39. Ra3 Bd2 40. Ra2 Be1
41. Ra4 Bh4 42. Kg2 Kf4 43. Ra2 Bg3 44. Bf3 Be1 45. Re2 Ke5 46. Ra2 Bh4 47. Be2
Kf4 48. Bf3 Re1 49. Be2 Ke3 50. Bf1 Bg3 51. Rb2 Bf4 52. Rf2 Rd1 53. Rf3+ Kd2
54. Rf2+ Kc3 55. Be2 Rd2 56. Kf1 Be3 57. Rf3 f6 58. Rh3 Ra2 0-1

[Event "Int. Stuttgarter Stadtmeisterschaft A"]
[Site "Ditzingen"]
[Date "2012.05.17"]
[Round "2.10"]
[White "Ackermann, Hans Werner"]
[Black "Tsolakidis, Paschalis"]
[Result "1/2-1/2"]
[WhiteElo "2290"]
[BlackElo "2107"]
[PlyCount "54"]
[EventDate "2012.??.??"]
[WhiteTeam "SC Hansa Dortmund e.V."]
[BlackTeam "DJK Stuttgart-Süd"]

1. e4 g6 2. d4 Bg7 3. Nc3 d6 4. Bg5 a6 5. a4 c6 6. a5 b5 7. Qd2 Bb7 8. f4 Qc7
9. Nf3 c5 10. d5 Nf6 11. Bxf6 exf6 12. f5 O-O 13. Be2 Re8 14. Qd3 Nd7 15. b3
gxf5 16. exf5 Ne5 17. Nxe5 Rxe5 18. O-O b4 19. Nb1 Rxd5 20. Qh3 Re8 21. Bd3
Rde5 22. Nd2 Re3 23. Qh5 d5 24. Qg4 Kh8 25. Qh4 Qe5 26. Rad1 Qc7 27. Ra1 Kg8
1/2-1/2

[Event "Int. Stuttgarter Stadtmeisterschaft A"]
[Site "Ditzingen"]
[Date "2012.05.17"]
[Round "2.11"]
[White "Röttig, Hans-Peter"]
[Black "Kabisch, Thilo"]
[Result "1-0"]
[WhiteElo "2058"]
[BlackElo "2277"]
[PlyCount "105"]
[EventDate "2012.??.??"]
[WhiteTeam "SC 1934 Viernheim"]
[BlackTeam "SK Schmiden/Cannstatt"]

1. e4 c5 2. d4 cxd4 3. c3 d3 4. Bxd3 g6 5. c4 Bg7 6. Nf3 d6 7. h3 Nc6 8. O-O
Nf6 9. Nc3 O-O 10. Be3 Nd7 11. Rc1 Nc5 12. Bb1 Be6 13. b3 a5 14. Qd2 Re8 15.
Nd4 Bd7 16. Ndb5 b6 17. Nd5 Rc8 18. Rcd1 Be6 19. f4 f5 20. exf5 Bxf5 21. Nd4 e6
22. Nxc6 Rxc6 23. Nc3 Bxb1 24. Rxb1 Qf6 25. Nb5 Rd8 26. Bd4 Qe7 27. Bxg7 Qxg7
28. Nd4 Rcc8 29. Qe3 Qf6 30. Rbe1 Re8 31. Nb5 Red8 32. Nd4 Rd7 33. Nf3 d5 34.
Ne5 Rdd8 35. Ng4 Qg7 36. cxd5 exd5 37. f5 d4 38. Qg5 gxf5 39. Nh6+ Kh8 40. Qh5
Qg6 41. Qh4 Rd7 42. Rxf5 Rg7 43. Rg5 Qf6 44. Rf1 Qxg5 45. Nf7+ Rxf7 46. Qxg5
Rxf1+ 47. Kxf1 Rf8+ 48. Ke1 Re8+ 49. Kd1 Ne4 50. Qh5 Re7 51. Qh4 Re8 52. Qh5
Nf6 53. Qf7 1-0

[Event "Int. Stuttgarter Stadtmeisterschaft A"]
[Site "Ditzingen"]
[Date "2012.05.17"]
[Round "2.12"]
[White "Latzke, Boris Alexander"]
[Black "Imhof, Thomas"]
[Result "1-0"]
[WhiteElo "2253"]
[BlackElo "2084"]
[PlyCount "99"]
[EventDate "2012.??.??"]
[WhiteTeam "SK Bebenhausen 1992"]
[BlackTeam "SGem Vaihingen-Rohr"]

1. d4 Nf6 2. c4 e6 3. Nf3 b6 4. a3 Bb7 5. Nc3 d5 6. cxd5 exd5 7. Bg5 Be7 8. e3
O-O 9. Bd3 c5 10. O-O Nbd7 11. Rc1 Ne4 12. Bxe7 Qxe7 13. Bb1 Ndf6 14. Qd3 Nxc3
15. Rxc3 Ne4 16. Rcc1 Rac8 17. Ne5 g6 18. f3 Ng5 19. Qd2 Ne6 20. Rcd1 Rfe8 21.
Rfe1 c4 22. Ng4 Kg7 23. e4 f6 24. e5 f5 25. Nf6 Red8 26. g4 f4 27. h4 c3 28.
bxc3 Qxa3 29. Rc1 Rc4 30. Bd3 Rc7 31. Rc2 Rdc8 32. Rec1 Bc6 33. Ra2 Qe7 34. Ba6
Rd8 35. Rca1 b5 36. Ra5 Rb8 37. Rb1 h6 38. Rb4 Rb6 39. Bxb5 Bxb5 40. Raxb5 Rxb5
41. Rxb5 Qd8 42. Qb2 Qc8 43. Rb8 Qa6 44. Qb1 Rc8 45. Rb7+ Nc7 46. h5 Kf8 47.
hxg6 Qe2 48. g7+ Kf7 49. Rxc7+ Ke6 50. Qf5# 1-0

[Event "Int. Stuttgarter Stadtmeisterschaft A"]
[Site "Ditzingen"]
[Date "2012.05.17"]
[Round "2.13"]
[White "Ludwig, Sebastian"]
[Black "Petermann, Michail"]
[Result "0-1"]
[WhiteElo "2049"]
[BlackElo "2236"]
[PlyCount "64"]
[EventDate "2012.??.??"]
[WhiteTeam "SV Stuttgart-Wolfbusch 1956 e.V."]
[BlackTeam "OSG Baden-Baden"]

1. d4 Nf6 2. Nf3 c5 3. c3 e6 4. e3 b6 5. Bd3 Bb7 6. Nbd2 Be7 7. O-O O-O 8. e4
cxd4 9. cxd4 d6 10. Qe2 Nbd7 11. e5 dxe5 12. dxe5 Ng4 13. Be4 Bxe4 14. Qxe4 Nh6
15. Nb3 Nf5 16. Bf4 Bc5 17. Rfd1 Ne7 18. Bg5 Qe8 19. Nxc5 Nxc5 20. Qg4 Kh8 21.
b4 Na6 22. Bxe7 Qxe7 23. Rd4 Nc7 24. Rad1 Nd5 25. Qh5 Rad8 26. Ng5 h6 27. Ne4
Nxb4 28. Nf6 Rxd4 29. Rxd4 Qc5 30. Rd1 Qc2 31. Nd7 Rd8 32. h3 Qa4 0-1

[Event "Int. Stuttgarter Stadtmeisterschaft A"]
[Site "Ditzingen"]
[Date "2012.05.17"]
[Round "2.14"]
[White "Wenninger, Philipp"]
[Black "Yin, Stanley"]
[Result "1-0"]
[WhiteElo "2205"]
[BlackElo "2047"]
[PlyCount "65"]
[EventDate "2012.??.??"]
[WhiteTeam "SK Bebenhausen 1992"]
[BlackTeam "SC Caissa Schwarzenbach"]

1. d4 d5 2. c4 Nc6 3. Nf3 Bg4 4. e3 e5 5. Qb3 Bxf3 6. gxf3 Bb4+ 7. Bd2 Bxd2+ 8.
Nxd2 exd4 9. cxd5 dxe3 10. Qxe3+ Nce7 11. Bb5+ Kf8 12. O-O-O Qxd5 13. Bc4 Qc6
14. Kb1 Nf6 15. Rhg1 h5 16. Rxg7 Kxg7 17. Qxe7 Rh7 18. Bd3 Re8 19. Qb4 Rh6 20.
Rg1+ Kh8 21. Qf4 Rg6 22. Bxg6 fxg6 23. Ne4 Nh7 24. Rc1 Qd7 25. Rxc7 Qd3+ 26.
Ka1 Rf8 27. Qh6 Qd1+ 28. Rc1 Rd8 29. Nf6 Qxc1+ 30. Qxc1 Nxf6 31. Qh6+ Nh7 32.
a3 Rd6 33. Qe3 1-0

[Event "Int. Stuttgarter Stadtmeisterschaft A"]
[Site "Ditzingen"]
[Date "2012.05.17"]
[Round "2.15"]
[White "Kaplunov, Vadym"]
[Black "Nabavi, Parwis"]
[Result "0-1"]
[WhiteElo "1946"]
[BlackElo "2212"]
[PlyCount "130"]
[EventDate "2012.??.??"]
[WhiteTeam "Stuttgarter SF 1879"]
[BlackTeam "SGEM Dreisamtal"]

1. d4 d5 2. c4 e6 3. Nc3 Nf6 4. Nf3 Be7 5. e3 O-O 6. Bd3 dxc4 7. Bxc4 a6 8. a3
b5 9. Ba2 Bb7 10. O-O c5 11. Qe2 Nbd7 12. Rd1 Qb6 13. dxc5 Qxc5 14. Nd4 Ne5 15.
Bd2 Nc4 16. Be1 Qg5 17. f4 Qg4 18. Bxc4 bxc4 19. Nf3 Rac8 20. h3 Qf5 21. Ne5
Bc5 22. Bf2 Nd5 23. Nf3 Nxc3 24. bxc3 Qe4 25. Ne1 Rfd8 26. a4 Bc6 27. a5 h6 28.
Rd2 Kh7 29. Rad1 Rxd2 30. Rxd2 Rb8 31. Qf3 f5 32. Qxe4 fxe4 33. Kf1 Bd5 34. Nc2
Rb3 35. Be1 Rb5 36. f5 Rxa5 37. fxe6 Bxe6 38. Nd4 Bg8 39. Rb2 Ra1 40. Rb7 Bxd4
41. cxd4 Be6 42. Kf2 Ra2+ 43. Kg3 Re2 44. Bb4 c3 45. Rc7 c2 46. Kf4 Rxg2 47.
Ke5 Bb3 48. h4 Rg1 49. Ba3 Ra1 50. Bb2 Ra2 51. Bc1 Kg6 52. Kxe4 Kh5 53. Rc5+
Kxh4 54. d5 Kg5 55. Ke5 Ra1 56. Bb2 Rd1 57. d6 h5 58. Ke4+ Kg4 59. Bd4 Ba4 60.
Bb2 Rxd6 61. Ke5 Rb6 62. Bc1 Rb5 63. Kd6 Rxc5 64. Kxc5 h4 65. Kb4 h3 0-1

[Event "Int. Stuttgarter Stadtmeisterschaft A"]
[Site "Ditzingen"]
[Date "2012.05.17"]
[Round "2.16"]
[White "Vaysberg, Alexander"]
[Black "Gibicar, Danijel"]
[Result "1/2-1/2"]
[WhiteElo "2198"]
[BlackElo "2100"]
[PlyCount "99"]
[EventDate "2012.??.??"]
[WhiteTeam "SC Gross-Sachsenheim"]
[BlackTeam "SK Bebenhausen 1992"]

1. e4 e6 2. d4 d5 3. e5 c5 4. c3 Nc6 5. Nf3 Nh6 6. a3 f6 7. Bxh6 gxh6 8. exf6
Qxf6 9. Bb5 Bd6 10. O-O Bd7 11. Bxc6 bxc6 12. Ne5 Bxe5 13. Qh5+ Qg6 14. Qxe5
O-O 15. Nd2 cxd4 16. cxd4 Rf5 17. Qe3 c5 18. f4 cxd4 19. Qxd4 Bb5 20. Rf3 Qf6
21. Qxf6 Rxf6 22. Rc1 Raf8 23. Rg3+ Kh8 24. Rb3 a6 25. Re3 d4 26. Re4 Rxf4 27.
Rxe6 d3 28. Nf3 Rd8 29. b3 Be8 30. Kf2 Bf7 31. Rb6 Re4 32. Re1 Rde8 33. Rxe4
Rxe4 34. Rd6 Bxb3 35. Rxd3 Bf7 36. Rd6 Ra4 37. Rd3 Bg6 38. Re3 Kg7 39. Ke1 Kf6
40. Kd2 Rc4 41. Rc3 Ra4 42. Kc1 Be4 43. Kb2 Bd5 44. Re3 Rg4 45. g3 Re4 46. Rxe4
Bxe4 47. Nd2 Bg2 48. Kc3 Kf5 49. Kd4 Kg4 50. Ke5 1/2-1/2

[Event "Int. Stuttgarter Stadtmeisterschaft A"]
[Site "Ditzingen"]
[Date "2012.05.17"]
[Round "2.17"]
[White "Aring, Gerd"]
[Black "Gheng, Simona"]
[Result "1-0"]
[WhiteElo "2195"]
[BlackElo "2021"]
[PlyCount "41"]
[EventDate "2012.??.??"]
[WhiteTeam "SV Nürtingen 1920"]
[BlackTeam "TSV Schönaich"]

1. d4 d5 2. c4 e6 3. Nf3 c5 4. cxd5 Qxd5 5. Nc3 Qd8 6. e4 cxd4 7. Qxd4 Qxd4 8.
Nxd4 a6 9. a3 Bd7 10. Be3 Nc6 11. b4 Rc8 12. Rc1 Nf6 13. Nb3 Be7 14. Nc5 Nd8
15. Be2 O-O 16. O-O Bc6 17. f3 Nd7 18. Nb3 b5 19. Na5 Ba8 20. Nd5 Bc5 21. Bxc5
1-0

[Event "Int. Stuttgarter Stadtmeisterschaft A"]
[Site "Ditzingen"]
[Date "2012.05.17"]
[Round "2.18"]
[White "Novak, Josua"]
[Black "Bodrozic, Tomislav"]
[Result "0-1"]
[WhiteElo "1884"]
[BlackElo "2195"]
[PlyCount "52"]
[EventDate "2012.??.??"]
[WhiteTeam "TSV Münchingen"]
[BlackTeam "SF Birkenfeld"]

1. e4 c5 2. Nf3 d6 3. d4 cxd4 4. Nxd4 Nf6 5. Nc3 a6 6. f3 e5 7. Nb3 Be6 8. Be3
Be7 9. Qd2 O-O 10. O-O-O b5 11. g4 b4 12. Nd5 Bxd5 13. exd5 a5 14. Kb1 Qc7 15.
g5 Nfd7 16. Qf2 Rc8 17. Bd3 a4 18. Nd2 a3 19. b3 Qc3 20. Nc4 Rxc4 21. Bc1 Rc7
22. Qh4 g6 23. Bc4 e4 24. Qxe4 Ne5 25. Be2 Bxg5 26. f4 Bf6 0-1

[Event "Int. Stuttgarter Stadtmeisterschaft A"]
[Site "Ditzingen"]
[Date "2012.05.17"]
[Round "2.19"]
[White "Altimira, Jordi"]
[Black "Braun, Georg"]
[Result "0-1"]
[WhiteElo "1843"]
[BlackElo "2187"]
[PlyCount "54"]
[EventDate "2012.??.??"]
[WhiteTeam "SV Rottweil"]
[BlackTeam "SK Bebenhausen 1992"]

1. d4 Nf6 2. c4 c5 3. d5 b5 4. cxb5 a6 5. bxa6 g6 6. Nc3 Bxa6 7. Nf3 d6 8. g3
Bg7 9. Bg2 Nbd7 10. O-O Nb6 11. Nd2 O-O 12. Re1 Nfd7 13. Qc2 Bb7 14. e4 e6 15.
dxe6 fxe6 16. Nb5 Qe7 17. Nc4 Nxc4 18. Qxc4 Ba6 19. Bh3 Ne5 20. Qxe6+ Qxe6 21.
Bxe6+ Kh8 22. Nxd6 Nf3+ 23. Kh1 Nxe1 24. Nf7+ Rxf7 25. Bxf7 Rf8 26. Be3 Nc2 27.
Rc1 Nxe3 0-1

[Event "Int. Stuttgarter Stadtmeisterschaft A"]
[Site "Ditzingen"]
[Date "2012.05.17"]
[Round "2.20"]
[White "Gabriel, Josef"]
[Black "Giricz, Thomas"]
[Result "1-0"]
[WhiteElo "2180"]
[BlackElo "1874"]
[PlyCount "79"]
[EventDate "2012.??.??"]
[WhiteTeam "Stuttgarter SF 1879"]
[BlackTeam "VfL Sindelfingen"]

1. e4 c5 2. Nf3 e6 3. d3 Nc6 4. g3 g6 5. Bg2 d6 6. O-O Bg7 7. c3 Nge7 8. Bg5
Rb8 9. Qd2 b5 10. Na3 b4 11. Nc4 d5 12. exd5 exd5 13. Ne3 O-O 14. Rfe1 bxc3 15.
bxc3 Qa5 16. Rac1 Be6 17. Nd1 Nf5 18. g4 Nd6 19. h3 Rb6 20. Bh6 Rfb8 21. Bxg7
Kxg7 22. Qf4 Nd8 23. Ng5 h6 24. Qe5+ Kg8 25. Nxe6 fxe6 26. Qf6 Kh7 27. Ne3 R6b7
28. Bxd5 Rf7 29. Qe5 exd5 30. Qxd6 Rbb7 31. Nxd5 Qxa2 32. Qxc5 Rb5 33. Nb4 Qa5
34. Qe3 Qc7 35. d4 a5 36. Nd3 Nc6 37. Nc5 Rb2 38. Rf1 Re7 39. Ne4 a4 40. d5 1-0

[Event "Int. Stuttgarter Stadtmeisterschaft A"]
[Site "Ditzingen"]
[Date "2012.05.17"]
[Round "2.21"]
[White "Schmidt, Tobias"]
[Black "Naumann, Axel"]
[Result "0-1"]
[WhiteElo "1735"]
[BlackElo "2168"]
[PlyCount "86"]
[EventDate "2012.??.??"]
[WhiteTeam "SC Tamm 74"]
[BlackTeam "Stuttgarter SF 1879"]

1. e4 c5 2. c3 Nf6 3. e5 Nd5 4. Nf3 d6 5. exd6 Qxd6 6. d4 cxd4 7. cxd4 Nc6 8.
Nc3 Bg4 9. Bc4 e6 10. Nxd5 exd5 11. Be2 Be7 12. O-O O-O 13. Re1 Rfe8 14. Be3
Bf6 15. Qd2 Rac8 16. Rac1 h6 17. Kh1 a6 18. Ng1 Bf5 19. Bd3 Be4 20. f3 Bxd3 21.
Qxd3 Qb4 22. Qc3 Qxc3 23. bxc3 Na5 24. Bd2 Re6 25. Rxe6 fxe6 26. f4 Nc4 27. Be1
Na3 28. Nf3 Rc6 29. Ne5 Bxe5 30. fxe5 Rb6 31. c4 dxc4 32. Bc3 Rb1 33. Rg1 Rxg1+
34. Kxg1 Nb5 35. Ba1 c3 36. Kf2 c2 37. Bb2 Nc3 38. Ke1 Nxa2 39. Kd2 c1=Q+ 40.
Bxc1 Nxc1 41. Kxc1 Kf7 42. Kc2 b5 43. Kc3 a5 0-1

[Event "Int. Stuttgarter Stadtmeisterschaft A"]
[Site "Ditzingen"]
[Date "2012.05.17"]
[Round "2.23"]
[White "Schmid, Eugen"]
[Black "Pogan, Nikolas"]
[Result "1/2-1/2"]
[WhiteElo "1943"]
[BlackElo "2223"]
[PlyCount "31"]
[EventDate "2012.??.??"]
[WhiteTeam "SV Herrenberg e.V."]
[BlackTeam "TSV Willsbach"]

1. d4 Nf6 2. Nf3 g6 3. c4 Bg7 4. Nc3 O-O 5. e4 d6 6. Be2 Nc6 7. O-O e5 8. d5
Ne7 9. b4 a5 10. Ba3 Ne8 11. c5 f5 12. Nd2 f4 13. Nc4 axb4 14. Bxb4 Rf6 15. Nb5
g5 16. cxd6 1/2-1/2

[Event "Int. Stuttgarter Stadtmeisterschaft A"]
[Site "Ditzingen"]
[Date "2012.05.17"]
[Round "2.24"]
[White "Dorst, Johannes"]
[Black "Mamerow, Marvin Stephan"]
[Result "1/2-1/2"]
[WhiteElo "2223"]
[BlackElo "1883"]
[PlyCount "92"]
[EventDate "2012.??.??"]
[WhiteTeam "SK Marburg 1931/72"]
[BlackTeam "OSG Baden-Baden"]

1. e4 c5 2. Nc3 g6 3. d4 cxd4 4. Qxd4 Nf6 5. Bb5 Nc6 6. Bxc6 bxc6 7. e5 Nh5 8.
e6 Bg7 9. exf7+ Kxf7 10. Qc4+ e6 11. Ne4 Rf8 12. Nd6+ Kg8 13. Nf3 Qc7 14. Qd3
Nf4 15. Bxf4 Rxf4 16. O-O Rb8 17. Ne8 Qa5 18. Nxg7 Kxg7 19. Qd6 Qb4 20. Qc7 Rb7
21. Qe5+ Rf6 22. b3 d6 23. Qe3 e5 24. c4 Bg4 25. Ng5 Bf5 26. Rad1 h6 27. Ne4
Bxe4 28. Qxe4 Qc5 29. g3 Rbf7 30. Rd2 Rf5 31. Kg2 d5 32. Qc2 e4 33. Qc3+ Kg8
34. Qd4 Qf8 35. Rc1 c5 36. Qe3 Rf3 37. Qe1 d4 38. Qxe4 Rxf2+ 39. Rxf2 Rxf2+ 40.
Kg1 Qf3 41. Qxg6+ Kh8 42. Qxh6+ Kg8 43. Qe6+ Kg7 44. Qe5+ Kg6 45. Qe6+ Kg7 46.
Qd7+ Kg6 1/2-1/2

[Event "Int. Stuttgarter Stadtmeisterschaft A"]
[Site "Ditzingen"]
[Date "2012.05.18"]
[Round "3.1"]
[White "Epishin, Vladimir"]
[Black "Wenninger, Philipp"]
[Result "1/2-1/2"]
[WhiteElo "2572"]
[BlackElo "2205"]
[PlyCount "45"]
[EventDate "2012.??.??"]
[WhiteTeam "Lübecker SV von 1873"]
[BlackTeam "SK Bebenhausen 1992"]

1. d4 d5 2. c4 c6 3. e3 Nf6 4. Nc3 a6 5. Nf3 b5 6. b3 Bg4 7. Be2 e6 8. h3 Bh5
9. O-O Nbd7 10. Bb2 Bd6 11. Ne5 Bxe2 12. Nxe2 Qc7 13. cxd5 cxd5 14. Rc1 Qb8 15.
Nxd7 Nxd7 16. e4 dxe4 17. d5 O-O 18. dxe6 Nc5 19. Nd4 Nd3 20. Rc2 f5 21. g4
fxg4 22. Qxg4 Rf4 23. Qg5 1/2-1/2

[Event "Int. Stuttgarter Stadtmeisterschaft A"]
[Site "Ditzingen"]
[Date "2012.05.18"]
[Round "3.2"]
[White "Petermann, Michail"]
[Black "Luther, Thomas"]
[Result "1-0"]
[WhiteElo "2236"]
[BlackElo "2542"]
[PlyCount "100"]
[EventDate "2012.??.??"]
[WhiteTeam "OSG Baden-Baden"]
[BlackTeam "SV Empor Erfurt"]

1. e4 e6 2. d4 d5 3. Nd2 Nf6 4. Bd3 c5 5. e5 Nfd7 6. c3 Nc6 7. Ngf3 g6 8. O-O
Bg7 9. Qe2 O-O 10. Re1 a5 11. Nf1 cxd4 12. cxd4 f6 13. exf6 Nxf6 14. Bf4 Nh5
15. Be5 Nf4 16. Qe3 Bh6 17. Kh1 Rf7 18. Bxf4 Rxf4 19. Bb5 Qf8 20. Qc3 Qb4 21.
Bxc6 Qxc3 22. bxc3 bxc6 23. Ne5 Rf8 24. Kg1 Ra7 25. Rab1 Rc7 26. Nd3 Re8 27.
Ne3 Bf8 28. Rb6 Bd6 29. Ng4 Kg7 30. Nge5 Bb7 31. f4 Ree7 32. Reb1 Kf8 33. Kf2
Ke8 34. Ke3 Kd8 35. Nc5 Bxc5 36. dxc5 Kc8 37. R1b3 Rg7 38. Ra3 g5 39. g3 gxf4+
40. Kxf4 Rg8 41. Rxa5 Rf8+ 42. Ke3 Rf1 43. Rb2 Rg7 44. Ra4 Rf5 45. Nd3 e5 46.
Rf2 Rh5 47. Ne1 d4+ 48. cxd4 exd4+ 49. Kxd4 Rd7+ 50. Kc4 Re5 1-0

[Event "Int. Stuttgarter Stadtmeisterschaft A"]
[Site "Ditzingen"]
[Date "2012.05.18"]
[Round "3.3"]
[White "Ikonnikov, Vyacheslav"]
[Black "Aring, Gerd"]
[Result "1-0"]
[WhiteElo "2539"]
[BlackElo "2195"]
[PlyCount "61"]
[EventDate "2012.??.??"]
[WhiteTeam "SF Bad Mergentheim"]
[BlackTeam "SV Nürtingen 1920"]

1. d4 Nf6 2. Nf3 e6 3. c4 b6 4. Bg5 Bb7 5. Nc3 Bb4 6. Nd2 h6 7. Bh4 c5 8. a3
Bxc3 9. bxc3 d6 10. f3 Nbd7 11. e4 e5 12. Be2 O-O 13. Nf1 Qc7 14. Ne3 g6 15.
O-O Rae8 16. dxe5 dxe5 17. Qd2 Kg7 18. a4 Bc6 19. a5 bxa5 20. Nd5 Bxd5 21. cxd5
Rb8 22. Qa2 g5 23. Bf2 Rfc8 24. Qxa5 Qxa5 25. Rxa5 Rb3 26. Rc1 Rc7 27. Bc4 Rb2
28. Rca1 Kf8 29. Bb5 Ke7 30. h3 Kd8 31. c4 1-0

[Event "Int. Stuttgarter Stadtmeisterschaft A"]
[Site "Ditzingen"]
[Date "2012.05.18"]
[Round "3.4"]
[White "Nabavi, Parwis"]
[Black "Gutman, Lev"]
[Result "1/2-1/2"]
[WhiteElo "2212"]
[BlackElo "2444"]
[PlyCount "99"]
[EventDate "2012.??.??"]
[WhiteTeam "SGEM Dreisamtal"]
[BlackTeam "SV Lingen"]

1. d4 Nf6 2. Nf3 g6 3. e3 Bg7 4. Be2 O-O 5. b3 d6 6. Bb2 e5 7. dxe5 Nfd7 8. O-O
Nc6 9. Nc3 Ncxe5 10. Nxe5 Bxe5 11. Na4 Qf6 12. Bxe5 Qxe5 13. Qd4 Nf6 14. Nc3
Qxd4 15. exd4 Bf5 16. Rac1 Rfe8 17. Rfd1 c6 18. a4 a6 19. a5 Rac8 20. Bd3 Bxd3
21. Rxd3 c5 22. dxc5 Rxc5 23. h3 Rec8 24. Na4 Rxc2 25. Rxc2 Rxc2 26. Rxd6 Kg7
27. Rd4 Rc1+ 28. Kh2 Rc7 29. b4 Nd7 30. g4 Ne5 31. Kg3 Kf6 32. h4 Ke7 33. g5
Nd7 34. Kf4 Nf8 35. Nc5 Ne6+ 36. Nxe6 Kxe6 37. Ke4 Rc2 38. f3 Rc3 39. Kf4 Rc6
40. Ke4 f6 41. gxf6 Kxf6 42. Kf4 h6 43. Re4 Rd6 44. Rc4 Rd5 45. Ke4 Rb5 46. Ke3
g5 47. hxg5+ Rxg5 48. Kf2 h5 49. Rc7 Rb5 50. Rc4 1/2-1/2

[Event "Int. Stuttgarter Stadtmeisterschaft A"]
[Site "Ditzingen"]
[Date "2012.05.18"]
[Round "3.5"]
[White "Karpatchev, Aleksandr"]
[Black "Gabriel, Josef"]
[Result "1-0"]
[WhiteElo "2414"]
[BlackElo "2180"]
[PlyCount "53"]
[EventDate "2012.??.??"]
[WhiteTeam "SF Bad Mergentheim"]
[BlackTeam "Stuttgarter SF 1879"]

1. e4 g6 2. d4 Bg7 3. Nc3 d6 4. f4 a6 5. Nf3 b5 6. Bd3 Nd7 7. e5 c5 8. e6 fxe6
9. Ng5 Bxd4 10. Qf3 Bxc3+ 11. bxc3 d5 12. Nxe6 Qb6 13. Qxd5 Bb7 14. Ng7+ Kd8
15. Qe6 Qd6 16. O-O c4 17. Be2 Bd5 18. Qxd6 exd6 19. f5 Kc7 20. Ba3 Nh6 21.
Rad1 Nb6 22. f6 Rad8 23. Bf3 Bxf3 24. Ne6+ Kc8 25. Rxf3 Rd7 26. Ng5 Kc7 27. f7
1-0

[Event "Int. Stuttgarter Stadtmeisterschaft A"]
[Site "Ditzingen"]
[Date "2012.05.18"]
[Round "3.6"]
[White "Bodrozic, Tomislav"]
[Black "Graf, Felix"]
[Result "1-0"]
[WhiteElo "2195"]
[BlackElo "2395"]
[PlyCount "53"]
[EventDate "2012.??.??"]
[WhiteTeam "SF Birkenfeld"]
[BlackTeam "FC Bayern München e.V."]

1. e4 e6 2. d3 d5 3. Nd2 Nf6 4. Ngf3 Be7 5. g3 b6 6. Bg2 Bb7 7. O-O c5 8. Re1
Nc6 9. c3 Qc7 10. a3 O-O-O 11. exd5 exd5 12. b4 Rhe8 13. Nb3 Nd7 14. b5 Ncb8
15. Rxe7 Rxe7 16. Bf4 Ne5 17. Nxe5 Rxe5 18. d4 f6 19. dxe5 fxe5 20. Bg5 Rd6 21.
Qf3 Qd7 22. Re1 Qxb5 23. Nd2 Nd7 24. Qf7 Qd3 25. Qe8+ Kc7 26. Qd8+ Kc6 27. c4
1-0

[Event "Int. Stuttgarter Stadtmeisterschaft A"]
[Site "Ditzingen"]
[Date "2012.05.18"]
[Round "3.7"]
[White "Strunski, Andreas"]
[Black "Hüttig, Michael"]
[Result "1-0"]
[WhiteElo "2362"]
[BlackElo "2164"]
[PlyCount "55"]
[EventDate "2012.??.??"]
[WhiteTeam "Stuttgarter SF 1879"]
[BlackTeam "SC Erdmannhausen"]

1. c4 Nf6 2. Nc3 g6 3. e4 d6 4. d4 Bg7 5. f3 O-O 6. Nge2 c5 7. d5 e6 8. Ng3
exd5 9. cxd5 a6 10. a4 Re8 11. Be2 Nbd7 12. O-O h5 13. Be3 Nh7 14. Qd2 h4 15.
Nh1 f5 16. Nf2 Ne5 17. Kh1 Bd7 18. a5 b5 19. axb6 Qxb6 20. Na4 Qb7 21. b4 f4
22. Bxc5 dxc5 23. bxc5 Bb5 24. Nb6 Nd7 25. Bxb5 Nxc5 26. Bxe8 Qxb6 27. Rab1 Nb3
28. Qa2 1-0

[Event "Int. Stuttgarter Stadtmeisterschaft A"]
[Site "Ditzingen"]
[Date "2012.05.18"]
[Round "3.8"]
[White "Neyman, Igor"]
[Black "Röttig, Hans-Peter"]
[Result "1-0"]
[WhiteElo "2314"]
[BlackElo "2058"]
[PlyCount "113"]
[EventDate "2012.??.??"]
[WhiteTeam "Stuttgarter SF 1879"]
[BlackTeam "SC 1934 Viernheim"]

1. d4 f5 2. g3 Nf6 3. Bg2 g6 4. Nf3 Bg7 5. O-O O-O 6. b3 d6 7. Bb2 c6 8. c4 Ne4
9. Nc3 Qa5 10. Qc2 Nxc3 11. Bxc3 Qc7 12. e4 e5 13. dxe5 dxe5 14. Qb2 Re8 15.
Rfe1 f4 16. Rad1 fxg3 17. hxg3 Bg4 18. Rd2 Na6 19. Nh2 Be6 20. Red1 b5 21. cxb5
cxb5 22. Rd6 b4 23. Be1 Rad8 24. Rxd8 Rxd8 25. Rxd8+ Qxd8 26. Qc2 Qb6 27. Nf3
h6 28. Bd2 Nb8 29. Be3 Qb7 30. Qc5 Nc6 31. Bf1 Kh7 32. Qd6 Bf7 33. Bc5 Nd4 34.
Nxd4 exd4 35. Bd3 a5 36. Bxd4 Bxd4 37. Qxd4 a4 38. Bc4 axb3 39. axb3 Bxc4 40.
Qxc4 Kg7 41. Kg2 Kf6 42. Kf3 Ke5 43. Qc5+ Kf6 44. Ke3 g5 45. Kd4 Qd7+ 46. Kc4
Qe6+ 47. Qd5 Qa6+ 48. Kxb4 Qb6+ 49. Kc3 Qc7+ 50. Kd2 Qa7 51. Ke2 Qa2+ 52. Kf3
g4+ 53. Kxg4 Qe2+ 54. f3 Qb2 55. Qd6+ Kg7 56. Kf5 Qc1 57. Qe7+ 1-0